[Event "Offene Hessische Senioren Einzelmeisters"]
[Site "Bad Sooden- Allendorf"]
[Date "2011.05.03"]
[Round "4.58"]
[White "Görtz, Hans"]
[Black "Grams, Arthur"]
[Result "1/2-1/2"]
[WhiteElo "1989"]
[BlackElo "1940"]
[PlyCount "81"]
[EventDate "2011.??.??"]

1. d4 Nf6 2. c4 e5 3. d5 Ne4 4. Nc3 Bb4 5. Qc2 Bxc3+ 6. bxc3 f5 7. g3 Na6 8.
Bg2 Nac5 9. Be3 d6 10. Bxc5 Nxc5 11. Nf3 O-O 12. e3 Bd7 13. a4 a5 14. O-O Qe8
15. Nd2 Bxa4 16. Qa2 b6 17. Nb1 Kh8 18. Na3 Rc8 19. Rab1 f4 20. exf4 exf4 21.
Rfe1 Qd7 22. Qe2 Rce8 23. Qh5 Rxe1+ 24. Rxe1 fxg3 25. hxg3 Qf7 26. Qxf7 Rxf7
27. Nb5 Bxb5 28. cxb5 g6 29. Re8+ Kg7 30. Kf1 g5 31. Ke2 Kf6 32. Kd2 h6 33. c4
g4 34. Be4 Nxe4+ 35. Rxe4 h5 36. Re8 Re7 37. Rh8 Kg6 38. Rg8+ Kh7 39. Rc8 Kg7
40. Kd3 Kf6 41. Rh8 1/2-1/2

[Event "Offene Hessische Senioren Einzelmeisters"]
[Site "Bad Sooden- Allendorf"]
[Date "2011.05.03"]
[Round "4.59"]
[White "Merettig, Georg"]
[Black "Preiß, Lore"]
[Result "1/2-1/2"]
[WhiteElo "1943"]
[BlackElo "1473"]
[PlyCount "57"]
[EventDate "2011.??.??"]

1. Nc3 e6 2. e4 g6 3. f4 Bg7 4. d4 d5 5. Nf3 Ne7 6. Bd3 dxe4 7. Nxe4 b6 8. c3
Bb7 9. Qe2 O-O 10. h4 Nf5 11. Rh3 Nd7 12. g4 Nd6 13. Ng3 c5 14. Be3 Rc8 15. h5
Nf6 16. Ne5 Nfe4 17. hxg6 fxg6 18. O-O-O Nxg3 19. Rxg3 cxd4 20. Bxd4 Rxf4 21.
Kb1 Be4 22. Re3 Bxd3+ 23. Qxd3 Qe8 24. Qe2 Rf8 25. Nf3 Bxd4 26. Rxd4 Qc6 27.
Ng5 Nc4 28. Rxe6 Qb5 29. Nf3 1/2-1/2

[Event "Offene Hessische Senioren Einzelmeisters"]
[Site "Bad Sooden- Allendorf"]
[Date "2011.05.03"]
[Round "4.60"]
[White "Zoll, Theo"]
[Black "Smits, Oswald"]
[Result "1/2-1/2"]
[WhiteElo "1753"]
[BlackElo "1870"]
[PlyCount "85"]
[EventDate "2011.??.??"]

1. d4 d5 2. Bf4 Nf6 3. e3 Nbd7 4. Nf3 e6 5. Bd3 c5 6. c3 c4 7. Bc2 b5 8. a3 a5
9. Nbd2 Bb7 10. h3 Be7 11. O-O O-O 12. Ne5 Ne4 13. Ndf3 Ndf6 14. Ng4 Nh5 15.
Bh2 f6 16. Nd2 Nxd2 17. Qxd2 f5 18. Ne5 Nf6 19. f3 Nd7 20. Nxd7 Qxd7 21. Be5
Rf7 22. g4 fxg4 23. hxg4 Bh4 24. Qh2 Qe7 25. f4 h6 26. Bg6 Rff8 27. Rf3 Bf6 28.
Bxf6 Rxf6 29. Qh5 Bc6 30. g5 Rxg6 31. Qxg6 Be8 32. Qc2 hxg5 33. fxg5 Qxg5+ 34.
Qg2 Qxg2+ 35. Kxg2 Bg6 36. Kg3 Bf5 37. Kf4 Kf7 38. Ke5 Ke7 39. Rg1 Rg8 40. Rfg3
g6 41. Rh1 g5 42. Rh6 g4 43. Rf6 1/2-1/2

[Event "Offene Hessische Senioren Einzelmeisters"]
[Site "Bad Sooden- Allendorf"]
[Date "2011.05.03"]
[Round "4.61"]
[White "Simon, Eberhard"]
[Black "Kirchberg, Hans-Georg"]
[Result "1-0"]
[WhiteElo "1997"]
[BlackElo "1538"]
[PlyCount "37"]
[EventDate "2011.??.??"]

1. e4 e6 2. d4 c5 3. Nf3 cxd4 4. Nxd4 Bc5 5. Nb3 Bb6 6. Bd3 Ne7 7. Nc3 O-O 8.
Bf4 d5 9. exd5 Nxd5 10. Nxd5 Qxd5 11. O-O Nc6 12. Qe2 Nd4 13. Nxd4 Qxd4 14. Be5
Qh4 15. Rad1 f5 16. Bd6 Rd8 17. Bc4 Rxd6 18. Rxd6 Bc7 19. g3 1-0

[Event "Offene Hessische Senioren Einzelmeisters"]
[Site "Bad Sooden- Allendorf"]
[Date "2011.05.03"]
[Round "4.62"]
[White "Montsma, Foppe Jan"]
[Black "Viererbe, Hartmut"]
[Result "1-0"]
[WhiteElo "1997"]
[BlackElo "1893"]
[PlyCount "29"]
[EventDate "2011.??.??"]

1. d4 Nf6 2. Nf3 e6 3. Bf4 b6 4. e3 Bb7 5. Bd3 c5 6. c3 d6 7. Nbd2 Nbd7 8. h3
g6 9. O-O Qe7 10. Nc4 e5 11. dxe5 dxe5 12. Ncxe5 O-O-O 13. Qa4 Bxf3 14. Ba6+
Bb7 15. Qc6+ 1-0

[Event "Offene Hessische Senioren Einzelmeisters"]
[Site "Bad Sooden- Allendorf"]
[Date "2011.05.03"]
[Round "4.63"]
[White "Klein, Klaus"]
[Black "van Vorselen, Theo"]
[Result "1-0"]
[WhiteElo "2057"]
[BlackElo "1858"]
[PlyCount "85"]
[EventDate "2011.??.??"]

1. e4 c5 2. Nf3 Nc6 3. Bb5 g6 4. Bxc6 bxc6 5. d4 Bg7 6. O-O cxd4 7. Nxd4 Qb6 8.
Nb3 d6 9. Be3 Qc7 10. Bd4 e5 11. Bc3 Nf6 12. Re1 O-O 13. N1d2 Be6 14. Nf3 Rab8
15. Qd3 Qe7 16. Na5 Qc7 17. Nc4 Nxe4 18. Qxe4 d5 19. Qe2 dxc4 20. Nxe5 Rb5 21.
a4 Rd5 22. Qe3 Rfd8 23. Nf3 Bxc3 24. Qxc3 Rh5 25. Re5 Rxe5 26. Nxe5 Bd5 27.
Nxc4 Qf4 28. Ne3 Qe4 29. b3 Be6 30. Rd1 Rxd1+ 31. Nxd1 Qd5 32. Ne3 Qd7 33. h3
h5 34. Kf1 Qd6 35. Ke2 Qd7 36. Qd3 Qc7 37. Qd4 Kh7 38. Qc5 Qd7 39. Nc4 Kg7 40.
Qe5+ Kg8 41. Qb8+ Kg7 42. Nd6 Bd5 43. Ne8+ 1-0

[Event "Offene Hessische Senioren Einzelmeisters"]
[Site "Bad Sooden- Allendorf"]
[Date "2011.05.03"]
[Round "4.64"]
[White "Bill, Eugen"]
[Black "Josting, Friedel"]
[Result "1/2-1/2"]
[WhiteElo "1873"]
[BlackElo "2023"]
[PlyCount "48"]
[EventDate "2011.??.??"]

1. d4 Nf6 2. Nf3 e6 3. c4 b6 4. Nc3 Bb7 5. e3 Be7 6. g3 d5 7. cxd5 exd5 8. Bg2
O-O 9. O-O Na6 10. a3 c5 11. dxc5 Nxc5 12. b4 Nce4 13. Bb2 Rc8 14. Rc1 Re8 15.
Nxe4 dxe4 16. Nd4 Qd7 17. Qe2 Qa4 18. Qd1 Qd7 19. Qe2 Bd5 20. Rfd1 Qb7 21. Nf5
Be6 22. Nxe7+ Rxe7 23. Rxc8+ Qxc8 24. Bxf6 gxf6 1/2-1/2

[Event "Offene Hessische Senioren Einzelmeisters"]
[Site "Bad Sooden- Allendorf"]
[Date "2011.05.03"]
[Round "4.65"]
[White "Narr, Irmgard"]
[Black "Huhn, Ulrich"]
[Result "1/2-1/2"]
[WhiteElo "1780"]
[BlackElo "2030"]
[PlyCount "122"]
[EventDate "2011.??.??"]

1. e4 d5 2. exd5 Nf6 3. Nf3 Nxd5 4. Bc4 Bg4 5. d4 e6 6. c3 Qf6 7. Qa4+ c6 8.
Bxd5 exd5 9. Ne5 Be6 10. Be3 Nd7 11. Nxd7 Bxd7 12. Qb3 b6 13. Nd2 Bd6 14. O-O
O-O 15. Rfe1 Rfe8 16. Nf3 h6 17. c4 Be6 18. c5 bxc5 19. dxc5 Bf8 20. Bd4 Qd8
21. Qc3 Bf5 22. b4 Rb8 23. a3 Rb7 24. Rxe8 Qxe8 25. h3 Re7 26. Nh4 Bh7 27. Qg3
Re1+ 28. Rxe1 Qxe1+ 29. Kh2 Qe7 30. Be3 Kh8 31. Bd4 Be4 32. Nf3 Bxf3 33. Qxf3
Qd7 34. g3 Kg8 35. Qf4 Qd8 36. Qf5 Qe7 37. Qc8 Qe4 38. Qg4 Qxg4 39. hxg4 Be7
40. f4 a6 41. Kg2 g6 42. Kf3 Bf8 43. Ke3 Bg7 44. a4 Bxd4+ 45. Kxd4 Kf8 46. b5
cxb5 47. axb5 axb5 48. Kxd5 Ke7 49. c6 b4 50. c7 Kd7 51. Kc4 Kxc7 52. Kxb4 Kd6
53. Kc4 Ke6 54. Kd4 f5 55. gxf5+ Kxf5 56. Ke3 Kg4 57. Kf2 h5 58. Kg2 h4 59.
gxh4 Kxf4 60. Kh3 Kf3 61. h5 gxh5 1/2-1/2

[Event "Offene Hessische Senioren Einzelmeisters"]
[Site "Bad Sooden- Allendorf"]
[Date "2011.05.03"]
[Round "4.66"]
[White "Schneider, Miloca"]
[Black "Fritsch, Wolfgang"]
[Result "0-1"]
[WhiteElo "1946"]
[BlackElo "1847"]
[PlyCount "58"]
[EventDate "2011.??.??"]

1. d4 Nf6 2. c4 e6 3. Nc3 d5 4. Bg5 Be7 5. e3 O-O 6. Nf3 b6 7. Bxf6 Bxf6 8.
cxd5 exd5 9. Be2 Be6 10. O-O Nd7 11. Rc1 c6 12. Qd2 a5 13. Rfd1 Be7 14. h3 b5
15. Bd3 Nb6 16. Ne5 Rc8 17. Bb1 g6 18. Qe2 b4 19. Na4 Nxa4 20. Nxc6 Qd6 21.
Nxa5 Rxc1 22. Rxc1 Rc8 23. Rc2 Rxc2 24. Bxc2 Nxb2 25. Qb5 Bd7 26. Qb7 Nc4 27.
Qa8+ Kg7 28. Nb7 Qc7 29. Qa6 Bc8 0-1

[Event "Offene Hessische Senioren Einzelmeisters"]
[Site "Bad Sooden- Allendorf"]
[Date "2011.05.03"]
[Round "4.67"]
[White "Aepfler, Gerhard"]
[Black "Jobski, Werner"]
[Result "1/2-1/2"]
[WhiteElo "2003"]
[BlackElo "1860"]
[PlyCount "78"]
[EventDate "2011.??.??"]

1. e4 g6 2. d4 Bg7 3. f4 Nf6 4. e5 Ne4 5. Bd3 d5 6. Qe2 c5 7. c3 cxd4 8. cxd4
Nc6 9. Nf3 Bf5 10. Be3 Qa5+ 11. Nbd2 Nxd2 12. Bxd2 Bxd3 13. Qxd3 Qb6 14. O-O e6
15. b4 a6 16. a4 O-O 17. a5 Qd8 18. g4 Qe7 19. Rab1 f6 20. exf6 Rxf6 21. b5
axb5 22. Rxb5 Rf7 23. Rfb1 Nd8 24. Re1 Nc6 25. Rxd5 Nb4 26. Bxb4 Qxb4 27. Rb5
Qd6 28. f5 gxf5 29. g5 Rd8 30. Rb6 Bxd4+ 31. Nxd4 Qxd4+ 32. Qxd4 Rxd4 33. Rexe6
Rg4+ 34. Kf2 Rxg5 35. Re8+ Kg7 36. Rb8 f4 37. R8xb7 Rxa5 38. Rxf7+ Kxf7 39. Rb4
Rf5 1/2-1/2

[Event "Offene Hessische Senioren Einzelmeisters"]
[Site "Bad Sooden- Allendorf"]
[Date "2011.05.03"]
[Round "4.68"]
[White "Schiller, Hans"]
[Black "Wieprecht, Gerhard"]
[Result "0-1"]
[WhiteElo "1856"]
[BlackElo "1922"]
[PlyCount "58"]
[EventDate "2011.??.??"]

1. d4 Nf6 2. Nf3 e6 3. e3 d5 4. c4 c5 5. cxd5 exd5 6. dxc5 Bxc5 7. Nc3 O-O 8.
Bd3 Nc6 9. O-O Bg4 10. h3 Bh5 11. Be2 Rc8 12. a3 a5 13. b3 Ba7 14. Bb2 Bb8 15.
Nb5 Re8 16. Nfd4 Bxe2 17. Qxe2 Nxd4 18. Bxd4 Ne4 19. Rac1 Qd7 20. Qg4 Qxg4 21.
hxg4 Nd2 22. Rxc8 Rxc8 23. Rd1 Nxb3 24. Bb6 f6 25. Na7 Rc2 26. g3 Rd2 27. Rxd2
Nxd2 28. Nb5 Nc4 29. Nc3 Nxb6 0-1

[Event "Offene Hessische Senioren Einzelmeisters"]
[Site "Bad Sooden- Allendorf"]
[Date "2011.05.03"]
[Round "4.69"]
[White "Preiß, Gerhard"]
[Black "Schulz, Eugen"]
[Result "1/2-1/2"]
[WhiteElo "1799"]
[BlackElo "1978"]
[PlyCount "54"]
[EventDate "2011.??.??"]

1. c4 Nf6 2. Nc3 d5 3. d4 g6 4. Bg5 Bg7 5. Bxf6 Bxf6 6. cxd5 O-O 7. e4 e5 8.
dxe5 Bxe5 9. Nf3 Bg4 10. Be2 Bxf3 11. Bxf3 Qf6 12. Qc2 Qh4 13. h3 f5 14. Qe2
Nd7 15. Rd1 Rae8 16. g3 Qf6 17. O-O fxe4 18. Bg4 Nc5 19. Nxe4 Nxe4 20. Be6+ Kg7
21. Qxe4 Bxb2 22. Qb4 b6 23. Qc4 Be5 24. f4 Bd6 25. Kg2 a5 26. a4 h5 27. Qd4
Re7 1/2-1/2

[Event "Offene Hessische Senioren Einzelmeisters"]
[Site "Bad Sooden- Allendorf"]
[Date "2011.05.03"]
[Round "4.70"]
[White "Millen, Ernst"]
[Black "Hopp, Dr. Barbara"]
[Result "1-0"]
[WhiteElo "1953"]
[BlackElo "1799"]
[PlyCount "93"]
[EventDate "2011.??.??"]

1. c4 g6 2. Nc3 Bg7 3. d4 Nf6 4. e3 d6 5. Nf3 Bg4 6. Be2 O-O 7. h3 Bd7 8. O-O
Qc8 9. Kh2 c6 10. Bd2 Re8 11. e4 e5 12. d5 Nh5 13. Ne1 Nf6 14. Qc1 Na6 15. Nd3
Nc7 16. Bh6 Bh8 17. f3 a6 18. Nf2 cxd5 19. cxd5 Bg7 20. Qd2 Qd8 21. Bg5 Qc8 22.
Rac1 Qb8 23. a3 b5 24. Ncd1 Rc8 25. f4 Nce8 26. fxe5 dxe5 27. Rxc8 Qxc8 28. Nc3
Nd6 29. Bd3 Ra7 $11 30. Bxf6 Bxf6 31. Nfd1 Bg7 32. Qf2 Ra8 33. Ne3 Qf8 34. Nc2
Nc4 35. Bxc4 bxc4 36. d6 f6 37. Nd5 Qxd6 38. Nxf6+ Bxf6 39. Qxf6 Qxf6 40. Rxf6
Kg7 41. Rb6 Bb5 42. Ne3 Re8 43. Nd5 Rc8 44. h4 Rc6 45. Rb7+ Kh8 46. g4 Rc8 47.
Nf6 1-0

[Event "Offene Hessische Senioren Einzelmeisters"]
[Site "Bad Sooden- Allendorf"]
[Date "2011.05.03"]
[Round "4.71"]
[White "Hampe, Werner"]
[Black "Barlo, Werner"]
[Result "1/2-1/2"]
[WhiteElo "1834"]
[BlackElo "1901"]
[PlyCount "81"]
[EventDate "2011.??.??"]

1. c4 Nf6 2. g3 e6 3. Bg2 d5 4. Nf3 c6 5. b3 Be7 6. O-O Nbd7 7. Bb2 O-O 8. e3
Qb6 9. d3 dxc4 10. dxc4 Rd8 11. Qe2 Qc7 12. Rd1 b6 13. Nc3 Bb7 14. Rac1 a6 15.
a4 Nc5 16. Qc2 Rxd1+ 17. Rxd1 Rd8 18. Ba3 a5 19. Bxc5 Bxc5 20. Rd3 Bb4 21. Qd1
Rxd3 22. Qxd3 h6 23. Ne4 Nxe4 24. Qxe4 c5 25. Qd3 Ba3 26. e4 Bb2 27. Kh1 Bf6
28. Ng1 Bd4 29. f4 f6 30. Nf3 e5 31. f5 Bc6 32. g4 Be8 33. h4 g5 34. h5 Bc6 35.
Ne1 Qb7 36. Bf3 Kf7 37. Kg2 Ke7 38. Nc2 Qd7 39. Kf1 Qd6 40. Ke2 Qd7 41. Bg2
1/2-1/2

[Event "Offene Hessische Senioren Einzelmeisters"]
[Site "Bad Sooden- Allendorf"]
[Date "2011.05.03"]
[Round "4.72"]
[White "Jung, Prof. Michael"]
[Black "Didzuhn, Dr. Werner"]
[Result "1-0"]
[WhiteElo "1833"]
[BlackElo "1930"]
[PlyCount "89"]
[EventDate "2011.??.??"]

1. c4 e6 2. Nc3 f5 3. Nf3 Nf6 4. d4 Bb4 5. Bd2 b6 6. g3 Bb7 7. Bg2 O-O 8. O-O
d6 9. Rc1 Nbd7 10. h3 a6 11. Re1 Qe8 12. Nb1 Bxd2 13. Nbxd2 Ne4 14. h4 Ndf6 15.
Ng5 c5 16. Ndxe4 Nxe4 17. Nxe4 fxe4 18. e3 Qf7 19. Rf1 Qe7 20. Qg4 d5 21. dxc5
bxc5 22. b3 Rf6 23. Rcd1 Raf8 24. Rd2 Rg6 25. Qe2 Qf6 26. Rfd1 Qf5 27. Kh2 Rgf6
28. Rf1 Qe5 29. Qd1 Kh8 30. Bh3 Rd8 31. Bg2 d4 32. exd4 cxd4 33. Re1 Rh6 34.
Kg1 Rf6 35. Rde2 Qf5 36. Qd2 e5 $11 37. Bxe4 Bxe4 38. Rxe4 Rdf8 39. Rxe5 Qxf2+
40. Qxf2 Rxf2 41. Re8 Kg8 42. Rxf8+ Rxf8 43. Rd1 Rd8 44. Kf2 Kf7 45. Kf3 1-0

[Event "Offene Hessische Senioren Einzelmeisters"]
[Site "Bad Sooden- Allendorf"]
[Date "2011.05.03"]
[Round "4.73"]
[White "Lüders, Dr. Günther"]
[Black "Schneidereit, Manfred"]
[Result "1-0"]
[WhiteElo "1870"]
[BlackElo "1822"]
[PlyCount "86"]
[EventDate "2011.??.??"]

1. d4 Nf6 2. Nf3 d5 3. Bf4 Nc6 4. Nbd2 Bf5 5. a3 h6 6. h3 e6 7. e3 a6 8. c4 Bd6
9. Bxd6 cxd6 10. cxd5 exd5 11. Be2 O-O 12. O-O Rc8 13. Rc1 Qd7 14. Re1 Rc7 15.
Nb3 Rfc8 16. Nh2 Ne7 17. Rxc7 Rxc7 18. Bd3 Ne4 19. g4 Bh7 20. f3 Ng5 21. Bxh7+
Kxh7 22. Qd3+ Kg8 23. h4 Nh7 24. Rc1 Qc8 25. Rxc7 Qxc7 26. Qd1 f5 27. Qc1 Qxc1+
28. Nxc1 g5 29. h5 Nf6 30. Nd3 fxg4 31. Nxg4 Kg7 32. Nxf6 Kxf6 33. Kf2 Nf5 34.
f4 g4 35. Nb4 Ke6 36. Nd3 Ng7 37. Kg3 Kf5 38. Kh4 Ke4 39. Nf2+ Kf3 40. Nxg4
Nf5+ 41. Kh3 b6 42. b3 b5 43. b4 Nxe3 1-0

[Event "Offene Hessische Senioren Einzelmeisters"]
[Site "Bad Sooden- Allendorf"]
[Date "2011.05.03"]
[Round "4.74"]
[White "Brandt, Fred"]
[Black "Janzen, Christian"]
[Result "1-0"]
[WhiteElo "1873"]
[BlackElo "1759"]
[PlyCount "45"]
[EventDate "2011.??.??"]

1. d4 d5 2. Nf3 e6 3. e3 Nf6 4. Bd3 c5 5. c3 Nc6 6. Nbd2 c4 7. Bc2 Bd6 8. e4
dxe4 9. Nxe4 Nxe4 10. Bxe4 Bd7 11. O-O O-O 12. Bg5 Qa5 13. Qe2 f5 14. Bxc6 bxc6
15. Rfd1 h6 16. Bc1 Rf6 17. Qxc4 Qd5 18. Qe2 Bc7 19. c4 Qd6 20. Ne5 Rd8 21. Bf4
Bc8 22. g3 c5 23. Ng4 1-0

[Event "Offene Hessische Senioren Einzelmeisters"]
[Site "Bad Sooden- Allendorf"]
[Date "2011.05.03"]
[Round "4.75"]
[White "Knaak, Hans"]
[Black "Mewes, Hans-Dieter"]
[Result "0-1"]
[WhiteElo "1768"]
[BlackElo "1938"]
[PlyCount "78"]
[EventDate "2011.??.??"]

1. d4 Nf6 2. c4 g6 3. Nc3 Bg7 4. e4 d6 5. f3 O-O 6. Bd3 Nc6 7. Nge2 e5 8. d5
Ne7 9. Be3 b6 10. O-O Ne8 11. Qd2 f5 12. Bh6 f4 13. Bxg7 Kxg7 14. Kh1 g5 15. g4
Ng6 16. Ng1 Nh4 17. a4 a5 18. Nb5 Nf6 19. h3 Nd7 20. b4 axb4 21. Qxb4 Nc5 22.
Be2 Ra5 23. Rfb1 Bd7 24. Ra3 Rf7 25. Bd1 Be8 26. Kh2 h5 27. Qb2 Kf6 28. Qc1 Rh7
29. Rb2 Bg6 30. Qb1 hxg4 31. fxg4 Bxe4 32. Bc2 Bxc2 33. Qxc2 e4 34. Nd4 Qe8 35.
Qc3 Qe5 36. Qd2 e3 37. Qc3 Ne4 38. Qd3 f3+ 39. Kh1 Ng3+ 0-1

[Event "Offene Hessische Senioren Einzelmeisters"]
[Site "Bad Sooden- Allendorf"]
[Date "2011.05.03"]
[Round "4.76"]
[White "Roth, Reinhard"]
[Black "Pastowski, Werner"]
[Result "1-0"]
[WhiteElo "1912"]
[BlackElo "1804"]
[PlyCount "92"]
[EventDate "2011.??.??"]

1. e4 d6 2. Nc3 g6 3. Bc4 e6 4. Nf3 Bg7 5. d4 c6 6. O-O d5 7. Bb3 Ne7 8. Bg5 f6
9. Bf4 Nd7 10. Re1 Nb6 11. Qe2 O-O 12. Rad1 Kh8 13. h4 f5 14. e5 Ng8 15. Qe3
Qe8 16. g3 Bd7 17. Kg2 Rc8 18. Ne2 Qe7 19. Bg5 Qf7 20. Rh1 h5 21. c3 a5 22. a3
a4 23. Ba2 Kh7 24. Bf4 Kh8 25. Ng5 Qe7 26. f3 c5 27. Nh3 c4 28. Bg5 Qf7 29. Bb1
Rc7 30. Rdf1 Qe8 31. Nef4 Bc8 32. g4 hxg4 33. fxg4 Nh6 34. Bxh6 Bxh6 35. g5 Bg7
36. Nf2 Kg8 37. h5 gxh5 38. Rxh5 Kf7 39. Rh7 Rh8 40. Rfh1 Rxh7 41. Rxh7 Qf8 42.
Qh3 Ke8 43. Nh5 Kd8 44. Qh4 Rd7 45. Nh3 Rf7 46. g6+ Re7 1-0

[Event "Offene Hessische Senioren Einzelmeisters"]
[Site "Bad Sooden- Allendorf"]
[Date "2011.05.03"]
[Round "4.77"]
[White "Kühnl, Bernd"]
[Black "Dinius, Helmut"]
[Result "1-0"]
[WhiteElo "1892"]
[BlackElo "1774"]
[PlyCount "135"]
[EventDate "2011.??.??"]

1. d4 d5 2. c4 c6 3. cxd5 cxd5 4. Nc3 e6 5. Nf3 Nf6 6. Bg5 Be7 7. e3 O-O 8. Bd3
Nc6 9. a3 a6 10. O-O Bd7 11. Qc2 h6 12. Bh4 Rc8 13. Rac1 Na7 14. Qb3 Bc6 15.
Ne5 b5 16. Bb1 Bb7 17. Bxf6 Bxf6 18. Qc2 Re8 19. f4 Rc7 20. Rf2 Nc8 21. Qh7+
Kf8 22. Qh8+ Ke7 23. Qh7 Rh8 24. Qc2 Nd6 25. Nxd5+ Bxd5 26. Qxc7+ Qxc7 27.
Rxc7+ Ke8 28. Ra7 Bb7 29. Rc2 Bd8 30. Rxb7 Nxb7 31. Rc8 Rf8 32. Ra8 a5 33. Be4
Nd6 34. Bc6+ Ke7 35. Ra7+ Kf6 36. Nd7+ Ke7 37. Nxf8+ Kxf8 38. Rd7 Be7 39. Ra7
Bd8 40. Rd7 Be7 41. Rxd6 Bxd6 42. Bxb5 Ke7 43. Kf2 f6 44. Ke2 e5 45. dxe5 fxe5
46. Kf3 exf4 47. exf4 Kf6 48. h3 g5 49. g3 Bc5 50. Ke4 gxf4 51. gxf4 Bf2 52.
Bc6 Be1 53. Bd7 Bd2 54. f5 Bc1 55. b4 axb4 56. axb4 Ba3 57. b5 Bc5 58. Kd5 Be3
59. Kc6 Ke7 60. Be6 Kd8 61. Bf7 Bd4 62. Kd6 Bb6 63. Bh5 Bd4 64. Ke6 Bc5 65. Kf7
Kd7 66. Kg6 Be3 67. Bg4 Kd6 68. f6 1-0

[Event "Offene Hessische Senioren Einzelmeisters"]
[Site "Bad Sooden- Allendorf"]
[Date "2011.05.03"]
[Round "4.78"]
[White "Klein, Alfred"]
[Black "Willms, Willi"]
[Result "1/2-1/2"]
[WhiteElo "1737"]
[BlackElo "1939"]
[PlyCount "39"]
[EventDate "2011.??.??"]

1. c4 Nf6 2. Nf3 g6 3. g3 Bg7 4. Bg2 O-O 5. Nc3 c6 6. O-O d5 7. cxd5 cxd5 8. d4
Nc6 9. e3 a6 10. a3 Re8 11. Re1 e5 12. dxe5 Nxe5 13. Nxe5 Rxe5 14. b4 Re8 15.
Bb2 Be6 16. Qd2 Qd7 17. Rad1 Rad8 18. Qc1 Bh3 19. Nxd5 Nxd5 20. Rxd5 1/2-1/2

[Event "Offene Hessische Senioren Einzelmeisters"]
[Site "Bad Sooden- Allendorf"]
[Date "2011.05.03"]
[Round "4.79"]
[White "Maczollek, Helmut"]
[Black "Kienel, Norbert"]
[Result "0-1"]
[WhiteElo "1685"]
[BlackElo "1875"]
[PlyCount "92"]
[EventDate "2011.??.??"]

1. d4 Nf6 2. Nf3 e6 3. e3 d5 4. Bd3 c6 5. Nbd2 Bd6 6. O-O O-O 7. Re1 Nbd7 8. b3
e5 9. e4 Qc7 10. Bb2 exd4 11. Bxd4 Re8 12. exd5 Rxe1+ 13. Qxe1 Nxd5 14. Ne4 Bf8
15. Neg5 h6 16. Ne4 c5 17. Bb2 b6 18. Nc3 Nf4 19. Be4 Bb7 20. Bxb7 Qxb7 21. Qd2
Ne6 22. Rd1 Nf6 23. Qe2 Re8 24. Re1 Nf4 25. Qf1 Nh3+ 26. Kh1 Rxe1 27. Qxe1 Ng4
28. Ne4 Qxe4 29. gxh3 Qxf3+ 30. Kg1 Qxh3 31. Be5 Nxe5 32. Qxe5 Qg4+ 33. Qg3
Qxg3+ 34. hxg3 g5 35. g4 Bd6 36. f3 Kg7 37. Kf2 Kg6 38. Ke3 f5 39. c3 Be5 40.
c4 Bd4+ 41. Kd3 a5 42. a4 h5 43. gxh5+ Kxh5 44. Ke2 Kh4 45. Kf1 Kg3 46. Ke2 f4
0-1

[Event "Offene Hessische Senioren Einzelmeisters"]
[Site "Bad Sooden- Allendorf"]
[Date "2011.05.03"]
[Round "4.80"]
[White "Mittelstaedt, Ewald"]
[Black "Thormann, Werner"]
[Result "0-1"]
[WhiteElo "1684"]
[BlackElo "1636"]
[PlyCount "112"]
[EventDate "2011.??.??"]

1. d4 Nf6 2. Nf3 g6 3. Nbd2 Bg7 4. e3 d6 5. c3 Nbd7 6. Bd3 e5 7. O-O O-O 8. Re1
Re8 9. Qb3 c6 10. e4 d5 11. dxe5 Nxe5 12. Nxe5 Rxe5 13. Nf3 Re8 14. Bg5 Qc7 15.
Bxf6 Bxf6 16. exd5 Bg4 17. Nd2 cxd5 18. h3 Be6 19. Nf3 a6 20. Rac1 b5 21. Nd4
Bd7 22. Qxd5 Bxd4 23. Rxe8+ Rxe8 24. Qxd4 Be6 25. Bb1 Rd8 26. Qe3 Qd6 27. Qe1
Qf4 28. Rd1 Re8 29. Qd2 Qxd2 30. Rxd2 Bc4 31. Kh2 Re1 32. Bd3 Bxa2 33. Re2 Rd1
34. Bc2 Rd8 35. b3 Rc8 36. Bxg6 Bxb3 37. Bf5 Rxc3 38. Re3 Rxe3 39. fxe3 a5 40.
Kg1 a4 41. Kf1 a3 42. Bb1 Bc4+ 43. Ke1 b4 44. Kd1 b3 45. Kc1 a2 46. Bxh7+ Kxh7
47. Kb2 Kg6 48. g3 Kg5 49. Ka1 Bd3 50. Kb2 Bf5 51. e4 Bxh3 52. e5 Be6 53. g4
Kxg4 54. Ka1 Kf4 55. Kb2 Kxe5 56. Ka1 f5 0-1

[Event "Offene Hessische Senioren Einzelmeisters"]
[Site "Bad Sooden- Allendorf"]
[Date "2011.05.03"]
[Round "4.81"]
[White "Auerswald, Dr. Gottfried"]
[Black "Papenkordt, Karl-Hermann"]
[Result "0-1"]
[WhiteElo "1703"]
[BlackElo "1906"]
[PlyCount "70"]
[EventDate "2011.??.??"]

1. e4 c5 2. Nc3 Nc6 3. Bb5 Nf6 4. Bxc6 dxc6 5. f4 Bg4 6. Nf3 e6 7. d3 Be7 8.
Be3 O-O 9. O-O Qc7 10. h3 Bxf3 11. Qxf3 Nd7 12. Rf2 f5 13. e5 Nb6 14. Rd1 Nd5
15. Nxd5 cxd5 16. d4 cxd4 17. Bxd4 a5 18. a4 Rac8 19. Qb3 Qc6 20. Qb6 Bd8 21.
Qxc6 Rxc6 22. b3 Bh4 23. Re2 Rfc8 24. c3 Be7 25. Rc2 Kf7 26. Kf2 h6 27. g3 g5
28. Kf3 Kg6 29. Rh1 h5 30. Rg2 Bc5 31. Ke3 Bxd4+ 32. Kxd4 Rxc3 33. Rb1 Rf3 34.
b4 Rcc3 35. bxa5 Rfd3# 0-1

[Event "Offene Hessische Senioren Einzelmeisters"]
[Site "Bad Sooden- Allendorf"]
[Date "2011.05.03"]
[Round "4.82"]
[White "Fritsche, Rainer"]
[Black "Schmieder, Wolfgang"]
[Result "1-0"]
[WhiteElo "1657"]
[BlackElo "1868"]
[PlyCount "63"]
[EventDate "2011.??.??"]

1. d4 Nf6 2. Bf4 g6 3. Nf3 Bg7 4. e3 Nh5 5. Be5 f6 6. Bg3 Nxg3 7. hxg3 b6 8. c4
Bb7 9. Bd3 f5 10. Nc3 e6 11. a3 Nc6 12. b4 a6 13. Rb1 e5 14. Bf1 exd4 15. exd4
Qe7+ 16. Ne2 O-O-O 17. Rb3 Rde8 18. Re3 Qd8 19. Rxe8 Qxe8 20. Qd2 Bf6 21. Kd1
Qe7 22. Nf4 Qg7 23. Ne2 Re8 24. d5 Ne5 25. Nxe5 Rxe5 26. Qh6 Qxh6 27. Rxh6 Re7
28. Kc2 Bg5 29. Rh1 c6 30. d6 c5 31. dxe7 Bxe7 32. Rxh7 1-0

[Event "Offene Hessische Senioren Einzelmeisters"]
[Site "Bad Sooden- Allendorf"]
[Date "2011.05.03"]
[Round "4.83"]
[White "Rüggeberg, Wilhelm"]
[Black "Neumann, Dr. Peter"]
[Result "1-0"]
[WhiteElo "1918"]
[BlackElo "1888"]
[PlyCount "113"]
[EventDate "2011.??.??"]

1. d4 Nf6 2. c4 g6 3. Nc3 Bg7 4. Nf3 d6 5. e4 Nbd7 6. Be2 O-O 7. Be3 b6 8. O-O
Bb7 9. Qc2 a5 10. Rad1 Rc8 11. h3 c6 12. Qd2 Qc7 13. Bh6 e5 14. Bxg7 Kxg7 15.
d5 Nc5 16. Qe3 Rfd8 17. Nd2 Qe7 18. b3 Re8 19. a3 Ba8 20. b4 axb4 21. axb4 Ncd7
22. Ra1 c5 23. b5 Rb8 24. Ra7 Bb7 25. Nb3 Qd8 26. Rfa1 Qc8 27. Kh2 Ra8 28. Rxa8
Bxa8 29. Qc1 Qb8 30. Qa3 Bb7 31. Qa7 Qa8 32. g4 h6 33. Kg3 Qc8 34. Qa2 Qc7 35.
Qb2 Ra8 36. Rxa8 Bxa8 37. Qa3 Bb7 38. Qa7 Qb8 39. Qxb8 Nxb8 40. Nd2 Bc8 41. h4
Nbd7 42. Na4 Ne8 43. f4 exf4+ 44. Kxf4 Nc7 45. Nf3 Na8 46. e5 dxe5+ 47. Nxe5
Nf6 48. d6 Nd7 49. Nxd7 Bxd7 50. Bf3 Kf6 51. Bxa8 g5+ 52. hxg5+ hxg5+ 53. Kg3
Ke6 54. Nxb6 Kxd6 55. Nxd7 Kxd7 56. Kf3 Ke7 57. Ke4 1-0

[Event "Offene Hessische Senioren Einzelmeisters"]
[Site "Bad Sooden- Allendorf"]
[Date "2011.05.03"]
[Round "4.84"]
[White "Graffenberger, Marianne"]
[Black "Alefs, Heinz"]
[Result "0-1"]
[WhiteElo "1483"]
[BlackElo "1839"]
[PlyCount "82"]
[EventDate "2011.??.??"]

1. e4 d6 2. d4 Nf6 3. Nc3 g6 4. Nf3 Bg7 5. Be2 O-O 6. O-O Nbd7 7. Re1 c5 8. d5
a6 9. Bd2 b5 10. a3 Qb6 11. Be3 Ng4 12. Qd2 Nxe3 13. Qxe3 b4 14. axb4 Qxb4 15.
Reb1 Ne5 16. Ra4 Qb6 17. b4 Nxf3+ 18. Bxf3 Bd4 19. Qd2 Bd7 20. bxc5 Bxc3 21.
Rxb6 Bxd2 22. c6 Rfb8 23. Rxb8+ Rxb8 24. h3 Bc8 25. Be2 a5 26. Ra2 e6 27. c4
Bc3 28. Ra3 Bb4 29. Ra2 Kf8 30. Kh2 Ke8 31. Bd1 Kd8 32. Ba4 Ba6 33. Rc2 Bc5 34.
f3 Rb4 35. Bb5 Bxb5 36. cxb5 Rxb5 37. Ra2 Bb4 38. Kg3 Rc5 39. Kg4 exd5 40. exd5
Rxd5 41. Rc2 Rc5 0-1